000 00549 a2200205 4500
005 20260204150925.0
008 260204b |||||||| |||| 00| 0 eng d
020 _a9789349690486
_cRs. 1995.00
040 _aMAIN
082 _a621.3678
_bS23R
100 _aSharma, Ghanashyam
245 _aRemote sensing of environment
260 _bAgri Horti Press
_c2026
_aNew Delhi
300 _aix, 190
650 _aEnvironmental Science
650 _aRemote Sensing
650 _aElectronic Sensing Systems
700 _aAshwini N K
942 _cBK
999 _c395713
_d395713